<?xml version="1.0" encoding="UTF-8"?><?xml-stylesheet type="text/xsl" href="static/style.xsl"?><OAI-PMH xmlns="http://www.openarchives.org/OAI/2.0/" xmlns:xsi="http://www.w3.org/2001/XMLSchema-instance" xsi:schemaLocation="http://www.openarchives.org/OAI/2.0/ http://www.openarchives.org/OAI/2.0/OAI-PMH.xsd"><responseDate>2026-04-17T05:47:21Z</responseDate><request verb="GetRecord" identifier="oai:www.recercat.cat:2072/416957" metadataPrefix="marc">https://recercat.cat/oai/request</request><GetRecord><record><header><identifier>oai:recercat.cat:2072/416957</identifier><datestamp>2024-11-24T23:57:32Z</datestamp><setSpec>com_2072_98</setSpec><setSpec>col_2072_378192</setSpec></header><metadata><record xmlns="http://www.loc.gov/MARC21/slim" xmlns:dcterms="http://purl.org/dc/terms/" xmlns:xsi="http://www.w3.org/2001/XMLSchema-instance" xmlns:doc="http://www.lyncode.com/xoai" xsi:schemaLocation="http://www.loc.gov/MARC21/slim http://www.loc.gov/standards/marcxml/schema/MARC21slim.xsd">
   <leader>00925njm 22002777a 4500</leader>
   <datafield ind2=" " ind1=" " tag="042">
      <subfield code="a">dc</subfield>
   </datafield>
   <datafield ind2=" " ind1=" " tag="720">
      <subfield code="a">Plana Llevat, Feliciano</subfield>
      <subfield code="e">author</subfield>
   </datafield>
   <datafield ind2=" " ind1=" " tag="720">
      <subfield code="a">Miravitlles Torras, Carles</subfield>
      <subfield code="e">author</subfield>
   </datafield>
   <datafield ind2=" " ind1=" " tag="720">
      <subfield code="a">Briansó, José Luis</subfield>
      <subfield code="e">author</subfield>
   </datafield>
   <datafield ind2=" " ind1=" " tag="720">
      <subfield code="a">Font-Altaba, Manuel</subfield>
      <subfield code="e">author</subfield>
   </datafield>
   <datafield ind2=" " ind1=" " tag="260">
      <subfield code="c">1973</subfield>
   </datafield>
   <datafield ind2=" " ind1=" " tag="520">
      <subfield code="a">Se presenta la estructura cristalina y molecular de la 3 meti1 N-etil isonitrosoacetanilida, que corresponde al cuarto miembro de la serie de las isonitrosoacetanilidas cuya estructura ha sido resuelta por medio de la difracción de rayos-X y el empleo de métodos directos. Cristaliza en el sistema monoclínico, grupo espacial P &amp;/a. Parámetros de su celda elemental a.= 15.316 A, b.= 7.4 A, c.= 10.5Q A, B= llX3.4' Z=4.</subfield>
   </datafield>
   <datafield ind2=" " ind1=" " tag="520">
      <subfield code="a">La structurie cristalline et moléculaire de la 3 methyl N-ethyl isonitrosoacétanilide c'est la quatrieme structure de la serie des isonitrosoacetanilides. Elle a été resolue par la difraction des rayons X et de l'addition symbolique. Elle cristallise dans le système monoclinique de groupe spatial P &amp;/a. Les paramètres de la maille sont: a.= 15.316 A, b.= 7.4 A, c.= 10.5Q A, B= llX3.4' Z=4.</subfield>
   </datafield>
   <datafield ind2="0" ind1="0" tag="245">
      <subfield code="a">Estructura cristalina y molecular de la 3 metil-N Etil isonitroso acetanilida</subfield>
   </datafield>
</record></metadata></record></GetRecord></OAI-PMH>